000 00332nam a2200157Ia 4500
100 _aHawks/ Ellison
650 _aChemistry
942 _cBK
654 _aHow it Works
245 _aHow tit Works & How it is Done
260 _bHome Library
_aBombay
082 _a620
_bHAW
300 _a512
546 _aENGLISH
999 _c19683
_d19683